The Cambridge companion to Velázquez / (Record no. 18682)

000 -LEADER
fixed length control field 01385cam a22003134a 4500
001 - CONTROL NUMBER
control field 12432557
005 - DATE AND TIME OF LATEST TRANSACTION
control field 20170113153346.0
008 - FIXED-LENGTH DATA ELEMENTS--GENERAL INFORMATION
fixed length control field 010606s2002 enka b 001 0 eng
010 ## - LIBRARY OF CONGRESS CONTROL NUMBER
LC control number 2001037495
020 ## - INTERNATIONAL STANDARD BOOK NUMBER
International Standard Book Number 0521660467 (hbk.)
020 ## - INTERNATIONAL STANDARD BOOK NUMBER
International Standard Book Number 0521669405 (pbk.)
040 ## - CATALOGING SOURCE
Original cataloging agency DLC
Transcribing agency DLC
Modifying agency DLC
042 ## - AUTHENTICATION CODE
Authentication code pcc
043 ## - GEOGRAPHIC AREA CODE
Geographic area code e-sp---
050 00 - LIBRARY OF CONGRESS CALL NUMBER
Classification number ND813
Item number .V4C337 2002
100 ## - MAIN ENTRY--PERSONAL NAME
Personal name Edited by Stratton-Pruitt, Suzanne L.
245 04 - TITLE STATEMENT
Title The Cambridge companion to Velázquez /
Statement of responsibility, etc. edited by Suzanne L. Stratton-Pruitt.
260 ## - PUBLICATION, DISTRIBUTION, ETC. (IMPRINT)
Place of publication, distribution, etc. Cambridge ;
-- New York :
Name of publisher, distributor, etc. Cambridge University Press,
Date of publication, distribution, etc. 2002.
300 ## - PHYSICAL DESCRIPTION
Extent x, 246 p. :
Other physical details ill. ;
Dimensions 26 cm.
504 ## - BIBLIOGRAPHY, ETC. NOTE
Bibliography, etc Includes bibliographical references (p. 237-243) and index.
600 10 - SUBJECT ADDED ENTRY--PERSONAL NAME
Personal name Velázquez, Diego,
Dates associated with a name 1599-1660
General subdivision Criticism and interpretation.
650 #0 - SUBJECT ADDED ENTRY--TOPICAL TERM
Topical term or geographic name as entry element Arts, Spanish
Geographic subdivision Spain
-- Madrid
Chronological subdivision 17th century.
856 42 - ELECTRONIC LOCATION AND ACCESS
Materials specified Publisher description
Uniform Resource Identifier <a href="http://www.loc.gov/catdir/description/cam022/2001037495.html">http://www.loc.gov/catdir/description/cam022/2001037495.html</a>
856 41 - ELECTRONIC LOCATION AND ACCESS
Materials specified Table of contents
Uniform Resource Identifier <a href="http://www.loc.gov/catdir/toc/cam025/2001037495.html">http://www.loc.gov/catdir/toc/cam025/2001037495.html</a>
942 ## - ADDED ENTRY ELEMENTS (KOHA)
Source of classification or shelving scheme
Koha item type Hard Covered Materials
Classification part ND813 .V4C337 2002
Holdings
Withdrawn status Lost status Source of classification or shelving scheme Damaged status Not for loan Home library Current library Shelving location Date acquired Source of acquisition Total Checkouts Full call number Barcode Date last seen Price effective from Koha item type
          MACHAKOS UNIVERSITY LIBRARY MACHAKOS UNIVERSITY LIBRARY Technical section 13/01/2017 Donation(BFA)   ND813 .V4C337 2002 29319 11/07/2018 13/01/2017 Hard Covered Materials
© Machakos University Library, Along The Highway, Machakos Wote Rd, Machakos, Kenya P.O. Box 136 - 90100 Machakos - Kenya

Tel: ( +254 ) 723 805829 OR Fax : 044-20353 OR Email: library@mksu.ac.ke